[Event "CZE-ch U14 2020"]
[Site "Kouty nad Desnou"]
[Date "2020.03.11"]
[Round "6.5"]
[White "Paseka, Matyas"]
[Black "Janous, Marek"]
[Result "1/2-1/2"]
[WhiteElo "2012"]
[BlackElo "1990"]
[Annotator "TA"]
[PlyCount "159"]
[EventDate "2020.03.07"]
[EventCountry "CZE"]
[SourceTitle "playchess.com"]
[Source "ChessBase"]
[SourceQuality "1"]

{[%evp 19,159,23,26,0,4,0,0,0,2,0,16,-20,79,-3,0,0,12,1,0,-11,85,85,151,138,150,160,168,169,162,158,164,166,159,172,135,94,108,92,94,92,92,92,97,92,122,98,98,99,110,100,142,109,140,136,201,210,218,218,260,252,250,238,235,235,229,179,218,215,195,170,648,631,683,665,704,691,591,468,450,385,355,194,239,239,220,70,70,70,70,70,70,70,70,70,70,70,70,70,149,149,149,149,149,149,239,149,149,149,149,70,70,70,70,0,70,70,70,70,70,70,70,70,70,70,70,70,70,70,70,70,70,70,70,70,70,0,0,0,0,0,0,0]} 1. e4 c5 2. Nf3 d6 3. d4 cxd4 4. Nxd4 Nf6 5. Nc3 a6 6. Be2 e5 7. Nb3 Be6 8. Be3 Nbd7 9. a4 Rc8 10. O-O Be7 11. f3 {B92: Sicilian Najdorf: 6 Be2.} Qc7 12. Qd2 O-O 13. Rfd1 Kh8 14. a5 Rfd8 {[#]} 15. Nc1 $146 ({Predecessor:} 15. Qe1 h6 16. Qf2 Qc6 17. Rd2 d5 18. exd5 Nxd5 19. Nxd5 Bxd5 20. Rad1 Be6 21. f4 {½-½ (31) Vetoshko,V (1905)-Kurukin,D (2179) Moscow 2008}) 15... Nc5 (15... d5 $11 {keeps the balance.} 16. Nxd5 (16. exd5 Nf8 $11) 16... Bxd5 17. exd5 Qxc2) 16. b4 (16. Nd5 $1 $16 {[%cal Rd5c7]} Nxd5 17. exd5) 16... Ncd7 17. Ra3 Bc4 18. Bxc4 Qxc4 19. Rb3 Nf8 (19... d5 $1 $11 20. Nxd5 Nxd5 21. Qxd5 Nb6 {[%mdl 64] Pin} 22. Qxc4 Rxd1+ 23. Qf1 Rxf1+ 24. Kxf1 Nc4) 20. Nd3 $36 {[%mdl 2048] Black is under strong pressure.} Ng6 (20... Rd7 $142) 21. Nb2 $1 {[%cal Rb2c4]} Qe6 22. Nba4 Nd7 23. Nd5 Bf8 24. Qd3 Ne7 25. Bb6 Nxb6 26. Naxb6 Rc6 27. Nxe7 Qxe7 28. c4 Qc7 29. Qd5 Kg8 30. g3 Be7 31. Kg2 Kf8 32. Rf1 Bf6 33. Rd3 h6 34. h4 Ke8 35. Rc3 Kf8 36. Qd2 Rxb6 (36... Be7 $16) 37. axb6 $18 Qxb6 38. Rd3 Qc7 39. c5 dxc5 {Threatening ...Rxd3.} 40. Rxd8+ Bxd8 41. bxc5 {[%mdl 4096] Endgame KQR-KQB} Be7 42. Rc1 g5 43. Qd5 {Hoping for c6.} gxh4 44. c6 $1 {[%cal Rc6b7]} b5 $2 (44... Bg5) 45. gxh4 Bxh4 46. Rh1 Bg5 47. Qc5+ Be7 48. Qc3 b4 49. Qc4 b3 50. Qxa6 ({Weaker is} 50. Qxb3 Qxc6 51. Qb8+ Kg7 $16) (50. Rb1 $142 Bd6 51. Rxb3) 50... Qd6 51. Qc8+ $1 Bd8 52. c7 (52. Qd7 $1 $18 {[%cal Rd7d6]} Qxd7 53. cxd7) 52... Qxc7 $14 53. Qxc7 Bxc7 {KR-KB} 54. Rb1 Bd8 55. Rxb3 Bg5 56. Rb5 Bf4 57. Kh3 Kg7 $1 58. Rb8 f6 (58... h5 $14) 59. Kh4 $1 $16 Kg6 {[#]} 60. Rg8+ $1 Kf7 61. Rg1 f5 (61... Be3 $16 62. Rg2 Ke6) 62. Ra1 fxe4 63. fxe4 Bg5+ {[#]} 64. Kg4 ({White should play} 64. Kh5 $1 $16) 64... Kg6 $1 $14 65. Rh1 Bf4 66. Ra1 Bg5 $1 67. Ra6+ Bf6 $1 68. Ra8 h5+ 69. Kg3 Kg7 70. Re8 Kh7 71. Rb8 Kg7 72. Rb1 Kg6 73. Rf1 Kg5 74. Rf5+ Kg6 75. Kh3 Bg7 76. Kh4 Bf6+ 77. Rxf6+ (77. Kg3 $14) 77... Kxf6 $11 {The position is equal.} 78. Kxh5 Kf7 79. Kg5 Kg7 80. Kf5 {White really could win this. Accuracy: White = 77%, Black = 69%.} 1/2-1/2

[Event "CZE-ch U14 2020"]
[Site "Kouty nad Desnou"]
[Date "2020.03.11"]
[Round "6.6"]
[White "Kures, Michael"]
[Black "Hrbek, Stepan"]
[Result "1/2-1/2"]
[WhiteElo "1943"]
[BlackElo "2142"]
[Annotator "TA"]
[PlyCount "105"]
[EventDate "2020.03.07"]
[EventCountry "CZE"]
[SourceTitle "playchess.com"]
[Source "ChessBase"]
[SourceQuality "1"]

{[%evp 22,105,-21,-2,-10,-27,0,-23,-15,-26,17,0,0,0,0,0,0,-95,-55,-82,-60,-74,-42,-25,-27,-22,0,-7,0,0,0,-117,-98,-60,0,-8,0,0,0,-145,-143,-105,-123,-122,-118,-143,-43,-43,-42,-42,-45,-45,-41,-43,-42,-47,-8,-41,-86,-50,-40,-100,-37,-94,-109,-109,-8,-15,0,-99,0,-15,0,-106,-99,-172,-99,-351,-351,-341,-251,-1043,-991,-1863,-718,-29977]} 1. e4 e5 2. Nf3 Nc6 3. Bb5 a6 4. Bxc6 dxc6 5. O-O Bg4 6. h3 h5 7. d3 Qf6 8. Be3 Bxf3 9. Qxf3 Qxf3 10. gxf3 Bd6 11. Nd2 Ne7 12. Nc4 Ng6 {C68: Ruy Lopez: Exchange Variation, sidelines.} 13. Kh1 O-O-O 14. a4 {[#]} Rde8 $146 {Black has an edge.} ({Predecessor:} 14... Nf8 15. f4 exf4 16. Nxd6+ cxd6 17. Bxf4 Ne6 18. Be3 d5 19. f3 g5 20. Kg2 h4 {½-½ (59) Esser,N (2235)-Basen,T (1990) Duesseldorf 1996}) 15. c3 c5 16. Rab1 Re6 17. b4 cxb4 18. cxb4 b5 19. Na3 (19. axb5 $11 axb5 20. Nxd6+ Rxd6 21. Rfd1) 19... c6 20. axb5 axb5 21. Nc2 Kb7 22. d4 Ra8 23. Rfd1 Ra2 24. Ne1 exd4 25. Rxd4 Ne5 26. Rbd1 (26. f4 $1 $11 Nc4 27. e5) 26... Nc4 $36 {[%mdl 2048] Black has strong initiative.} 27. f4 Nxe3 (27... c5 $15 28. bxc5 Nxe3 29. fxe3 Bxc5) 28. fxe3 $11 Bc7 29. Nd3 {aiming for Nc5+.} Rg6 30. Rd2 (30. Nc5+ $11 Ka8 31. Rd7) 30... Rxd2 $17 31. Nc5+ Kc8 $1 32. Rxd2 {[%mdl 4096] Endgame KRB-KRN} Rg3 33. Rd3 Bb6 ({Much worse is} 33... Rxh3+ $6 34. Kg2 $11) (33... g5 $1 $17 {Threatens to win with ...h4.} 34. e5 Rxh3+ 35. Kg2 g4) 34. Kh2 $15 h4 35. Rd6 Rg6 36. Rxg6 fxg6 {KB-KN} 37. Nd3 $1 Bxe3 38. Kg2 Kd7 39. Kf3 Bd4 40. Kg4 {Black must now prevent Kg5.} Bf6 41. Nc5+ (41. Kf3 $15) 41... Kc7 $17 42. Nd3 ({White should play} 42. Na6+ $15 Kb6 43. Nc5) 42... Be7 43. Kf3 Kb6 (43... Kd6 $1 $17) 44. Kg4 $1 $11 Kc7 (44... Bd8 $11) 45. Kf3 $1 $17 Kb6 ({Black should try} 45... Kd6 $1 $17) 46. Kg4 $1 $11 Kc7 (46... Kb7 $11) 47. Kf3 $1 $17 {[#]} Kd6 $1 48. Nc5 (48. Ke3 $17) 48... g5 $19 49. Kg4 $2 {[%mdl 8192] Now White is beyond hope.} (49. Nd3 $17) 49... gxf4 50. Kxf4 {[#]} g5+ $1 51. Kf5 $2 {[#]} (51. Ke3) 51... g4 $1 {[%mdl 576] Deflection} 52. Kxg4 Ke5 {And now ...Bxc5 would win.} 53. Kf3 {[%mdl 32768] Accuracy: White = 59%, Black = 74%. . An unexpected result.} 1/2-1/2

[Event "CZE-ch U14 2020"]
[Site "Kouty nad Desnou"]
[Date "2020.03.11"]
[Round "6.7"]
[White "Werner, Hong Quan Dan"]
[Black "Vaclavik, Jan"]
[Result "1-0"]
[WhiteElo "1801"]
[BlackElo "1791"]
[Annotator "NA RC"]
[PlyCount "61"]
[EventDate "2020.03.07"]
[EventCountry "CZE"]
[SourceTitle "playchess.com"]
[Source "ChessBase"]
[SourceQuality "1"]
[TimeControl "5400+30"]

{[%evp 9,49,-25,-18,32767,-22,-23,-29,-20,-60,-45,-45,-58,32767,32767,12,22,0,18,0,10,0,0,88,72,133,134,175,152,175,162,170,175,331,322,633,679,1210,1285,1231,1335,2283,1495]} 1. e4 {[%emt 0:00:00]} c5 {[%emt 0:00:00]} 2. d4 {[%emt 0:00:00]} cxd4 {[%emt 0:00:17]} 3. c3 {[%emt 0:00:10]} dxc3 {[%emt 0:00:06]} 4. Nxc3 {[%emt 0:00:08]} e6 {[%emt 0:02:08]} 5. Bc4 {[%emt 0:00:30]} Nc6 {[%emt 0:00:30]} 6. Nf3 {[%emt 0:00:54]} a6 {[%emt 0:00:17]} 7. O-O {[%emt 0:01:39]} b5 {[%emt 0:01:54]} 8. Bb3 {[%emt 0:01:56]} Bb7 {[%emt 0:01:10]} 9. a3 {[%emt 0:05:31] B21: Sicilian: 2 f4 and Morra Gambit.} Nge7 {[%emt 0:00:58]} 10. Bg5 {[%emt 0:00:49]} f6 {[%emt 0:37:42]} 11. Be3 {[%emt 0:03:38]} Ng6 {[%emt 0:12:05]} 12. Qe2 {[%emt 0:08:12]} Bd6 {[%emt 0:03:30]} 13. Rfd1 {[%emt 0:01:15]} Qe7 {[%emt 0:03:21]} 14. Qd2 {[%emt 0:00:34]} Bc7 {[%emt 0:01:09] [#]} 15. Rac1 $146 {[%emt 0:02:39]} ({Predecessor:} 15. Bc5 Bf4 16. Bxe7 Bxd2 17. Bxf6 Bh6 18. Bd4 Rc8 19. Bb6 Nce5 20. Nxe5 Nxe5 21. a4 b4 {½-½ (21) Alonso Gonzalez,C (2354)-Poulheim,K (2392) ICCF email 2008}) 15... d6 {[%emt 0:03:58]} (15... Rd8 $11 {remains equal.}) 16. Ne2 {[%emt 0:11:05]} Nge5 {[%emt 0:10:15]} 17. Nfd4 {[%emt 0:05:17]} Nxd4 {[%emt 0:01:27]} 18. Nxd4 {[%emt 0:00:08]} Nc4 {[%emt 0:00:59]} 19. Bxc4 {[%emt 0:00:36]} bxc4 {[%emt 0:00:03] [#]} 20. Qb4 $1 {[%emt 0:00:59] Double Attack} ({Don't do} 20. Rxc4 $6 Rc8 $16) 20... Bxe4 $2 {[%emt 0:00:59]} (20... d5) 21. Qxc4 {[%emt 0:00:11] Double Attack} Rc8 $2 {[%emt 0:03:56]} (21... O-O 22. Qxc7 Rfe8) 22. Nxe6 {[%emt 0:00:24]} Bb7 {[%emt 0:01:25]} 23. Nxc7+ {[%emt 0:00:24]} Rxc7 {[%emt 0:00:21]} 24. Qxc7 {[%emt 0:00:12]} Qe4 {[%emt 0:00:02]} 25. Qb8+ $18 {[%emt 0:00:25]} Kf7 {[%emt 0:00:14]} 26. Rc7+ {[%emt 0:00:03]} Kg6 {[%emt 0:00:17]} 27. Qxb7 {[%emt 0:00:08]} Qa4 {[%emt 0:00:28]} 28. Rxg7+ {[%emt 0:00:22]} Kh5 {[%emt 0:00:27]} 29. Qd5+ {[%emt 0:00:33]} Kh4 {[%emt 0:00:22]} 30. g3+ {[%emt 0:00:06]} Kh3 {[%emt 0:00:03]} 31. Qg2# 1-0

[Event "CZE-ch U14 2020"]
[Site "Kouty nad Desnou"]
[Date "2020.03.11"]
[Round "6.8"]
[White "Prochazka, Vojtech"]
[Black "Vilimek, Vit"]
[Result "1-0"]
[WhiteElo "1763"]
[BlackElo "1695"]
[Annotator "NA"]
[PlyCount "61"]
[EventDate "2020.03.07"]
[EventCountry "CZE"]
[SourceTitle "playchess.com"]
[Source "ChessBase"]
[SourceQuality "1"]
[TimeControl "5400+30"]

1. e4 {[%emt 0:00:00]} e5 2. Nf3 {[%emt 0:00:05]} Nc6 {[%emt 0:00:00]} 3. Bb5 {[%emt 0:00:41]} a6 {[%emt 0:01:14]} 4. Ba4 {[%emt 0:01:36]} Nf6 {[%emt 0:01:15]} 5. O-O {[%emt 0:01:10]} b5 {[%emt 0:00:25]} 6. Bb3 {[%emt 0:00:07]} Be7 {[%emt 0:00:12]} 7. Re1 {[%emt 0:04:04]} O-O {[%emt 0:00:29]} 8. c3 {[%emt 0:01:53]} d5 {[%emt 0:00:10]} 9. exd5 {[%emt 0:01:06]} Nxd5 {[%emt 0:00:08]} 10. Nxe5 {[%emt 0:02:18]} Nxe5 {[%emt 0:00:29]} 11. Rxe5 {[%emt 0:01:15]} c6 {[%emt 0:00:50]} 12. d4 {[%emt 0:00:42]} Bd6 {[%emt 0:00:05]} 13. Re1 {[%emt 0:01:29]} Qh4 {[%emt 0:00:04]} 14. g3 {[%emt 0:03:40]} Qh3 {[%emt 0:00:05]} 15. Qe2 {[%emt 0:09:46]} Bf5 {[%emt 0:03:23]} 16. Nd2 {[%emt 0:10:47]} Nf4 {[%emt 0:12:33]} 17. gxf4 {[%emt 0:14:55]} Bxf4 {[%emt 0:00:08]} 18. f3 {[%emt 0:00:38]} Qh4 {[%emt 0:25:21]} 19. Nf1 {[%emt 0:08:29]} Bd6 {[%emt 0:12:41]} 20. Qf2 {[%emt 0:04:00]} Qf6 {[%emt 0:02:25]} 21. Ng3 {[%emt 0:04:26]} Bh3 {[%emt 0:07:51]} 22. Bc2 {[%emt 0:02:57]} Rae8 {[%emt 0:03:00]} 23. Bd2 {[%emt 0:00:19]} Bf4 {[%emt 0:02:43]} 24. Bxf4 {[%emt 0:00:42]} Qxf4 {[%emt 0:00:05]} 25. Bd3 {[%emt 0:03:05]} Qg5 {[%emt 0:03:04]} 26. Kh1 {[%emt 0:01:11]} Qh4 {[%emt 0:00:06]} 27. Bf1 {[%emt 0:01:05]} Bd7 {[%emt 0:02:23]} 28. Kg1 {[%emt 0:00:21]} Qg5 {[%emt 0:00:07]} 29. Bg2 {[%emt 0:00:26]} f5 {[%emt 0:01:23]} 30. f4 {[%emt 0:00:14]} h5 {[%emt 0:01:15]} 31. fxg5 1-0

[Event "CZE-ch U14 2020"]
[Site "Kouty nad Desnou"]
[Date "2020.03.11"]
[Round "6.9"]
[White "Tajovsky, Simon"]
[Black "Zednicek, Filip"]
[Result "1-0"]
[WhiteElo "1512"]
[BlackElo "1365"]
[Annotator "NA"]
[PlyCount "125"]
[EventDate "2020.03.07"]
[EventCountry "CZE"]
[SourceTitle "playchess.com"]
[Source "ChessBase"]
[SourceQuality "1"]
[TimeControl "5400+30"]

1. d4 {[%emt 0:00:00]} d5 {[%emt 0:00:38]} 2. c4 {[%emt 0:00:00]} e6 {[%emt 0:01:28]} 3. cxd5 {[%emt 0:00:06]} exd5 {[%emt 0:00:18]} 4. Nc3 {[%emt 0:00:09]} Bf5 {[%emt 0:03:02]} 5. Qb3 {[%emt 0:01:49]} Qc8 {[%emt 0:02:17]} 6. Qxd5 {[%emt 0:03:29]} Be6 {[%emt 0:00:12]} 7. Qb5+ {[%emt 0:01:24]} c6 {[%emt 0:00:41]} 8. Qd3 {[%emt 0:01:00]} Bb4 {[%emt 0:02:05]} 9. Nf3 {[%emt 0:03:46]} Nf6 {[%emt 0:00:57]} 10. e4 {[%emt 0:03:38]} O-O {[%emt 0:05:29]} 11. Be2 {[%emt 0:01:38]} Nfd7 {[%emt 0:03:35]} 12. O-O {[%emt 0:01:52]} f5 {[%emt 0:00:26]} 13. exf5 {[%emt 0:02:30]} Bf7 {[%emt 0:02:38]} 14. Ng5 {[%emt 0:05:05]} Nb6 {[%emt 0:02:16]} 15. Nxf7 {[%emt 0:02:39]} Rxf7 {[%emt 0:00:09]} 16. Bg4 {[%emt 0:03:13]} Na6 {[%emt 0:03:29]} 17. Bf4 {[%emt 0:03:47]} c5 {[%emt 0:02:00]} 18. dxc5 {[%emt 0:02:04]} Nxc5 {[%emt 0:00:29]} 19. Qg3 {[%emt 0:01:19]} Bxc3 {[%emt 0:01:25]} 20. Qxc3 {[%emt 0:01:39]} Nd5 {[%emt 0:05:11]} 21. Qc4 {[%emt 0:01:40]} Nxf4 {[%emt 0:01:06]} 22. Qxf4 {[%emt 0:00:45]} Nd3 {[%emt 0:03:10]} 23. Qd2 {[%emt 0:04:22]} Qc4 {[%emt 0:00:56]} 24. Be2 {[%emt 0:02:49]} Rd8 {[%emt 0:01:15]} 25. Rac1 {[%emt 0:03:12]} Qd4 {[%emt 0:00:45]} 26. Rc3 {[%emt 0:05:12]} Nf4 {[%emt 0:01:44]} 27. Qc2 {[%emt 0:02:10]} Qd2 {[%emt 0:01:50]} 28. Qxd2 {[%emt 0:00:33]} Rxd2 {[%emt 0:00:05]} 29. Rc8+ {[%emt 0:00:55]} Rf8 {[%emt 0:00:07]} 30. Bc4+ {[%emt 0:00:47]} Nd5 {[%emt 0:00:08]} 31. Rc5 {[%emt 0:01:59]} Rd8 {[%emt 0:00:53]} 32. Rxd5 {[%emt 0:04:16]} R8xd5 {[%emt 0:00:23]} 33. g4 {[%emt 0:02:13]} Kf8 {[%emt 0:02:47]} 34. Bxd5 {[%emt 0:00:07]} Rxd5 {[%emt 0:00:03]} 35. Rc1 {[%emt 0:00:16]} Rd7 {[%emt 0:00:05]} 36. Kg2 {[%emt 0:00:41]} Ke8 {[%emt 0:00:29]} 37. Rc2 {[%emt 0:00:35]} Kf7 {[%emt 0:00:28]} 38. Kg3 {[%emt 0:00:35]} Kf6 {[%emt 0:00:14]} 39. Re2 {[%emt 0:00:33]} Rd6 {[%emt 0:00:38]} 40. Re6+ {[%emt 0:00:18]} Rxe6 {[%emt 0:00:06]} 41. fxe6 {[%emt 0:00:04]} Kxe6 42. Kf4 {[%emt 0:00:13]} Kf6 {[%emt 0:01:11]} 43. h4 {[%emt 0:00:09]} g6 {[%emt 0:01:51]} 44. Ke4 {[%emt 0:00:58]} Ke6 {[%emt 0:00:18]} 45. f4 {[%emt 0:00:15]} h6 {[%emt 0:00:49]} 46. f5+ {[%emt 0:00:57]} Kf6 {[%emt 0:00:39]} 47. fxg6 {[%emt 0:00:08]} Kxg6 {[%emt 0:00:01]} 48. Ke5 {[%emt 0:00:22]} b6 {[%emt 0:00:53]} 49. a4 {[%emt 0:00:13]} a6 {[%emt 0:00:39]} 50. b4 {[%emt 0:00:15]} Kf7 {[%emt 0:01:05]} 51. Kf5 {[%emt 0:00:17]} a5 {[%emt 0:00:41]} 52. b5 {[%emt 0:00:06]} Kg7 {[%emt 0:00:26]} 53. g5 {[%emt 0:00:11]} hxg5 {[%emt 0:00:54]} 54. hxg5 {[%emt 0:00:12]} Kf7 {[%emt 0:00:06]} 55. g6+ {[%emt 0:00:07]} Kg7 {[%emt 0:00:01]} 56. Ke6 {[%emt 0:00:21]} Kxg6 {[%emt 0:00:03]} 57. Kd6 {[%emt 0:00:06]} Kf6 {[%emt 0:00:40]} 58. Kc6 {[%emt 0:00:03]} Ke5 {[%emt 0:00:03]} 59. Kxb6 {[%emt 0:00:05]} Kd6 {[%emt 0:03:53]} 60. Kxa5 {[%emt 0:00:05]} Kc7 {[%emt 0:00:01]} 61. b6+ {[%emt 0:00:40]} Kb7 {[%emt 0:00:08]} 62. Kb5 {[%emt 0:00:08]} Kb8 {[%emt 0:00:25]} 63. Kc6 {[%emt 0:00:06]} 1-0

[Event "CZE-ch U14 2020"]
[Site "Kouty nad Desnou"]
[Date "2020.03.11"]
[Round "6.10"]
[White "Mohapl, Tomas"]
[Black "Richter, Rudolf"]
[Result "1/2-1/2"]
[WhiteElo "1654"]
[BlackElo "1555"]
[Annotator "NA"]
[PlyCount "76"]
[EventDate "2020.03.07"]
[EventCountry "CZE"]
[SourceTitle "playchess.com"]
[Source "ChessBase"]
[SourceQuality "1"]
[TimeControl "5400+30"]

1. e4 {[%emt 0:00:00]} d5 {[%emt 0:00:00]} 2. exd5 {[%emt 0:00:00]} Qxd5 {[%emt 0:00:00]} 3. Nc3 {[%emt 0:00:09]} Qd6 {[%emt 0:00:00]} 4. Bc4 {[%emt 0:01:31]} Nf6 {[%emt 0:00:23]} 5. d3 {[%emt 0:01:36]} c6 {[%emt 0:05:11]} 6. Be3 {[%emt 0:04:41]} Bg4 {[%emt 0:02:25]} 7. Nge2 {[%emt 0:04:35]} e6 {[%emt 0:05:19]} 8. O-O {[%emt 0:02:43]} Qc7 {[%emt 0:00:24]} 9. h3 {[%emt 0:02:44]} Bf5 {[%emt 0:04:42]} 10. Bf4 {[%emt 0:05:47]} Bd6 {[%emt 0:01:52]} 11. Bxd6 {[%emt 0:00:46]} Qxd6 {[%emt 0:00:09]} 12. Ng3 {[%emt 0:01:21]} Bg6 {[%emt 0:00:55]} 13. Re1 {[%emt 0:06:18]} Nbd7 {[%emt 0:04:16]} 14. Nge4 {[%emt 0:04:04]} Nxe4 {[%emt 0:04:16]} 15. Nxe4 {[%emt 0:00:45]} Bxe4 {[%emt 0:00:37]} 16. Rxe4 {[%emt 0:02:01]} Nf6 {[%emt 0:00:09]} 17. Re2 {[%emt 0:00:45]} O-O {[%emt 0:04:49]} 18. Rd2 {[%emt 0:08:22]} Rad8 {[%emt 0:06:21]} 19. Qe2 {[%emt 0:03:28]} Nd5 {[%emt 0:01:41]} 20. Rad1 {[%emt 0:07:13]} b5 {[%emt 0:02:37]} 21. Bxd5 {[%emt 0:02:37]} exd5 {[%emt 0:00:47]} 22. Re1 {[%emt 0:01:33]} Qd7 {[%emt 0:00:36]} 23. Qf3 {[%emt 0:03:59]} Rfe8 {[%emt 0:01:43]} 24. Rde2 {[%emt 0:00:11]} Rxe2 {[%emt 0:00:48]} 25. Qxe2 {[%emt 0:00:08]} Kf8 {[%emt 0:00:56]} 26. d4 {[%emt 0:02:26]} Re8 {[%emt 0:01:25]} 27. Qxe8+ {[%emt 0:00:32]} Qxe8 {[%emt 0:00:16]} 28. Rxe8+ {[%emt 0:00:05]} Kxe8 {[%emt 0:00:11]} 29. b4 {[%emt 0:03:04]} a6 {[%emt 0:00:20]} 30. Kh2 {[%emt 0:00:50]} Ke7 {[%emt 0:00:25]} 31. Kg3 {[%emt 0:01:01]} f6 {[%emt 0:04:10]} 32. Kf4 {[%emt 0:02:52]} Ke6 {[%emt 0:01:03]} 33. h4 {[%emt 0:01:36]} g6 {[%emt 0:03:26]} 34. g4 {[%emt 0:01:30]} Kd6 {[%emt 0:01:28]} 35. Kg3 Ke6 36. f4 Kd6 37. h5 Ke7 38. f5 g5 1/2-1/2

[Event "CZE-ch U14 2020"]
[Site "Kouty nad Desnou"]
[Date "2020.03.11"]
[Round "6.11"]
[White "Licka, Denis"]
[Black "Stocek, Martin"]
[Result "0-1"]
[WhiteElo "1594"]
[BlackElo "1772"]
[Annotator "NA RC"]
[PlyCount "88"]
[EventDate "2020.03.07"]
[EventCountry "CZE"]
[SourceTitle "playchess.com"]
[Source "ChessBase"]
[SourceQuality "1"]
[TimeControl "5400+30"]

1. e4 {[%emt 0:00:00]} c6 {[%emt 0:00:00]} 2. d4 {[%emt 0:00:00]} d5 {[%emt 0:00:00]} 3. Nd2 {[%emt 0:00:00]} dxe4 {[%emt 0:00:00]} 4. Nxe4 {[%emt 0:00:00]} Bf5 {[%emt 0:00:00]} 5. Ng3 {[%emt 0:00:00]} Bg6 {[%emt 0:00:00]} 6. h4 {[%emt 0:00:00]} h6 {[%emt 0:00:13]} 7. f4 {[%emt 0:00:04]} e6 {[%emt 0:02:43]} 8. h5 {[%emt 0:00:05]} Bh7 {[%emt 0:00:42]} 9. Bd3 {[%emt 0:00:11]} Qxd4 {[%emt 0:22:59]} 10. Nf3 {[%emt 0:00:50]} Bb4+ {[%emt 0:06:44]} 11. Ke2 {[%emt 0:22:10]} Bxd3+ {[%emt 0:02:57]} 12. Qxd3 {[%emt 0:00:28]} Qxd3+ {[%emt 0:00:10]} 13. Kxd3 {[%emt 0:00:17]} Nd7 {[%emt 0:01:17]} 14. f5 {[%emt 0:00:38]} e5 {[%emt 0:07:24]} 15. Ne4 {[%emt 0:02:11]} f6 {[%emt 0:06:13]} 16. c3 {[%emt 0:01:15]} Nc5+ {[%emt 0:04:52]} 17. Nxc5 {[%emt 0:05:07]} Bxc5 {[%emt 0:00:02]} 18. Be3 {[%emt 0:02:09]} O-O-O+ {[%emt 0:01:10]} 19. Ke2 {[%emt 0:00:15]} Bxe3 {[%emt 0:00:13]} 20. Kxe3 {[%emt 0:00:10]} Ne7 {[%emt 0:00:12]} 21. g4 {[%emt 0:00:58]} Nd5+ {[%emt 0:02:25]} 22. Kf2 {[%emt 0:01:03]} Rd7 {[%emt 0:01:01]} 23. Rad1 {[%emt 0:07:38]} Rhd8 {[%emt 0:01:39]} 24. Rd3 {[%emt 0:11:32]} Nf4 {[%emt 0:03:13]} 25. Rxd7 {[%emt 0:00:13]} Rxd7 {[%emt 0:00:10]} 26. Ke3 {[%emt 0:01:24]} Kc7 {[%emt 0:03:23]} 27. Rh2 {[%emt 0:02:16]} Rd3+ {[%emt 0:05:24]} 28. Ke4 {[%emt 0:00:22]} Rd1 {[%emt 0:01:57]} 29. Rd2 {[%emt 0:00:39]} Rf1 {[%emt 0:05:08]} 30. Ke3 {[%emt 0:11:30]} Nh3 {[%emt 0:07:24]} 31. Rg2 {[%emt 0:06:37]} Ng5 {[%emt 0:07:16]} 32. Nxg5 {[%emt 0:01:47]} hxg5 {[%emt 0:06:38]} 33. Kd3 {[%emt 0:06:31]} Rd1+ {[%emt 0:00:31]} 34. Ke3 {[%emt 0:01:28]} a5 {[%emt 0:00:44]} 35. b3 {[%emt 0:00:29]} b5 {[%emt 0:01:29]} 36. Ke2 {[%emt 0:01:10]} Rd7 {[%emt 0:00:39]} 37. Rg3 {[%emt 0:01:19]} Kb6 {[%emt 0:00:40]} 38. Rd3 {[%emt 0:01:12]} Rxd3 {[%emt 0:00:15]} 39. Kxd3 {[%emt 0:00:05]} Kc5 {[%emt 0:00:39]} 40. a3 {[%emt 0:00:38]} Kd5 {[%emt 0:00:55]} 41. a4 {[%emt 0:06:29]} bxa4 {[%emt 0:00:34]} 42. bxa4 {[%emt 0:00:16]} Kc5 {[%emt 0:00:14]} 43. Kd2 {[%emt 0:02:38]} Kc4 {[%emt 0:00:10]} 44. Kc2 {[%emt 0:00:06]} c5 {[%emt 0:00:33]} 0-1

[Event "CZE-ch U14 2020"]
[Site "Kouty nad Desnou"]
[Date "2020.03.11"]
[Round "6.12"]
[White "Mrazek, Roman"]
[Black "Kanak, Matyas"]
[Result "1-0"]
[WhiteElo "1839"]
[BlackElo "1499"]
[Annotator "NA RC"]
[PlyCount "45"]
[EventDate "2020.03.07"]
[EventCountry "CZE"]
[SourceTitle "playchess.com"]
[Source "ChessBase"]
[SourceQuality "1"]
[TimeControl "5400+30"]

{[%evp 8,45,1,1,5,9,56,38,207,168,200,156,158,179,253,236,254,194,193,181,241,215,354,374,489,444,905,932,1008,1108,1160,1052,981,1027,1624,1933,1673,2392,29992,1950]} 1. d4 {[%emt 0:00:00]} Nf6 {[%emt 0:00:00]} 2. Bf4 {[%emt 0:00:00]} e6 {[%emt 0:00:00]} 3. e3 {[%emt 0:00:13]} b6 {[%emt 0:00:02]} 4. Nd2 {[%emt 0:00:23]} Bb7 {[%emt 0:00:27]} 5. Ngf3 {[%emt 0:00:22]} c5 {[%emt 0:00:15]} 6. Nc4 {[%emt 0:01:33] [#]} d6 $146 {[%emt 0:02:19] A47: 1 d4 Nf6 2 Nf3 b6: Torre, London and Colle Systems.} (6... Nc6 $11) ({Predecessor:} 6... d5 7. Nce5 Bd6 8. Bb5+ Ke7 9. Ng5 Rf8 10. O-O a6 11. Be2 h6 12. Ngf3 Nc6 13. dxc5 bxc5 14. c4 Nxe5 15. Bxe5 Bxe5 16. Nxe5 {½-½ (57) Nguyen,N (2630)-Socko,B (2593) Riadh 2017}) 7. dxc5 {[%emt 0:01:15]} dxc5 $2 {[%emt 0:10:43]} (7... e5 $14) 8. Qxd8+ {[%emt 0:01:08]} Kxd8 {[%emt 0:00:06]} 9. Nce5 {[%emt 0:01:23]} Ke7 {[%emt 0:04:03]} 10. Ng5 {[%emt 0:01:32]} h6 {[%emt 0:03:04]} (10... Nbd7 $142) 11. Ngxf7 {[%emt 0:01:07]} Rg8 {[%emt 0:00:16]} 12. Rd1 {[%emt 0:01:14]} g5 {[%emt 0:00:32]} 13. Bg3 {[%emt 0:01:18]} Bg7 {[%emt 0:04:16]} 14. Nd6 {[%emt 0:00:43]} Bd5 {[%emt 0:00:12]} (14... Be4 $142 15. h4 Bxc2) 15. Ng6+ {[%emt 0:01:12]} Kd7 {[%emt 0:00:35]} 16. c4 {[%emt 0:00:44]} Nh5 {[%emt 0:00:46]} (16... Bc6 $142 17. Be2 Kd8 18. Nb5+ Nbd7 19. Bc7+ Kc8 20. Ne7+ {[%mdl 64] Double Attack} Kb7) 17. cxd5 {[%emt 0:00:53]} Nxg3 {[%emt 0:00:08]} 18. dxe6+ {[%emt 0:00:24]} Kxe6 {[%emt 0:00:15]} 19. Bc4+ {[%emt 0:01:25]} Kf6 {[%emt 0:00:12]} 20. hxg3 {[%emt 0:00:21]} Rd8 {[%emt 0:01:30]} 21. Ne4+ {[%emt 0:00:37] Discovered Attack} Kxg6 {[%emt 0:00:18]} 22. Rxd8 {[%emt 0:00:17]} Bxb2 {[%emt 0:00:40]} 23. Bd5 $18 {[%emt 0:00:02]} (23. Rd6+ $142 Kg7 24. Rhxh6 Kf8 25. Rd8+ Kg7 26. Rhd6 Nc6 27. Rxa8 Ne7 28. Rxa7) 1-0